Cuba Gooding Jr. Filmography - Statistics

General Stats
  • This quiz has been taken 52 times
    8 since last reset
  • The average score is 15 of 108
Answer Stats
Type Year Name % Correct
Film 2000 Men of Honor
100%
Film 1992 A Few Good Men
86%
Film 1991 Boyz n the Hood
71%
Film 1996 Jerry Maguire
57%
Film 2003 Radio
57%
Film 2001 Rat Race
57%
Film 2007 American Gangster
43%
Film 1997 As Good as It Gets
43%
Film 2007 Daddy Day Camp
43%
Film 2004 Home on the Range
43%
Film 2007 Norbit
43%
Film 1995 Outbreak
43%
Film 1999 A Murder of Crows
29%
Film 1999 Chill Factor
29%
Film 1988 Coming to America
29%
Film 2009 Hardwired
29%
Film 1999 Instinct
29%
Film 1993 Judgement Night
29%
Film 1994 Lightning Jack
29%
Film 2008 Linewatch
29%
Film 2001 Pearl Harbor
29%
Film 2012 Red Tails
29%
TV Show 1999 Saturday Night Live
29%
Film 2002 Snow Dogs
29%
Film 2007 The Land Before Time XIII: The Wisdom of Friends
29%
Film 1998 What Dreams May Come
29%
TV Show 2016 American Horror Story: Roanoke
14%
TV Mini-Series 2015 Big Time in Hollywood, FL
14%
Film 1994 Blown Away
14%
Film 2002 Boat Trip
14%
Film 2005 Dirty
14%
Film 2006 End Game
14%
Film 2014 Freedom
14%
TV Film 2009 Gifted Hands: The Ben Carson Story
14%
Film 1992 Gladiator
14%
Film 2008 Harold
14%
Film 2008 Hero Wanted
14%
Film 2001 In the Shadows
14%
Film 2013 Life of a King
14%
Film 1995 Losing Isaiah
14%
Film 2012 One in the Chamber
14%
Film 2011 Sacrifice
14%
Film 2014 Selma
14%
Film 2005 Shadowboxer
14%
Film 1989 Sing
14%
Film 2013 The Butler
14%
Film 2009 The Devil's Tomb
14%
Film 2003 The Fighting Temptations
14%
Film 2011 The Hit List
14%
Film 2000 The Kid
14%
TV Show 2016 The People v. O.J. Simpson: American Crime Story
14%
Film 2009 The Way of War
14%
Film 2011 Ticking Clock
14%
Film 2007 What Love Is
14%
Film 2009 Wrong Turn at Tahoe
14%
Film 2001 Zoolander
14%
TV Show 1989 227
0%
Award Show 2006 37th NAACP Image Awards
0%
Film 2013 Absolute Deception
0%
Short Film 2004 A Dairy Tale
0%
Film 2025 A Line of Fire
0%
TV Show 1988 Amen
0%
Film 2024 Angels Fallen: Warriors of Peace
0%
TV Show 2018 Ant & Dec's Saturday Night Takeaway
0%
Film 2018 Bayou Caviar
0%
TV Show 1986 Better Days
0%
Commercial 2013 Boys & Girls Clubs of America
0%
Film TBA Break the Cycle
0%
Commercial 1988 Burger King
0%
TV Show 1988 CBS Schoolbreak Special
0%
Theater 2018-2019 Chicago
0%
TV Film 1993 Daybreak
0%
Film 2025 Dog Patrol
0%
Film 2013 Don Jon
0%
Documentary 2012 Double Victory: The Tuskegee Airmen at War
0%
TV Show 2015 Empire
0%
TV Film 2012 Firelight
0%
TV Show 2015 Forever
0%
Short Film 2020 For NYC
0%
Film TBA Giving Thanks
0%
TV Pilot 2013 Guilty
0%
TV Show 1986, 1987 Hill Street Blues
0%
Film 2009 Life & Illusions
0%
Film 2020 Life in a Year
0%
TV Show 1989 Live-In
0%
TV Show 1989-1991 MacGyver
0%
Film 2013 Machete Kills
0%
TV Show 1990 Mancuso, FBI
0%
TV Film 1992 Murder Without Motive: The Edmund Perry Story
0%
TV Show 1990 Nasty Boys
0%
TV Film 1990 Nasty Boys, Part 2: Lone Justice
0%
TV Show 2025 Paper Empire
0%
Film 2001 Pearl Habor
0%
Commercial 1998, 2014 Pepsi
0%
Film 2025 Quantum Supremacy
0%
Film 2024 Skeletons in the Closet
0%
Commercial 2019 Starbucks
0%
TV Film 2013 Summoned
0%
Audiobook 2007 The Bible Experience
0%
TV Mini-Series 2015 The Book of Negroes
0%
TV Show 1987 The Bronx Zoo
0%
Film 2024 The Firing Squad
0%
Theater 2013 The Trip to Bountiful
0%
TV Film 1995 The Tuskegee Airmen
0%
TV Show 1993 The Untouchables
0%
Film 2023 The Weapon
0%
Award Show 2000 VH1/Vogue Fashion Awards
0%
Short TV Documentary 2006 When Parents Are Deployed
0%
No matching quizzes found
Score Distribution
Percent of People with Each Score
Percentile by Number Answered
Your Score History
You have not taken this quiz since the last reset